Setos y cerramientos ornamentales

Guardat en:
Dades bibliogràfiques
Autors principals: Mas Candela, José (autor), Salmeron de Diego, José (Autor)
Format: Llibre
Idioma:espanyol
Publicat: Madrid Ministerio de Agricultura Pesca y Alimentación 1991
Col·lecció:Hojas Divulgadoras
Matèries:
Etiquetes: Afegir etiqueta
Sense etiquetes, Sigues el primer a etiquetar aquest registre!

MARC

LEADER 00000nam a2200000 a 4500
001 UCR3059
003 CL-VaPUC
008 980123e19910000SP |||||||||||||||||spa|d
082 0 4 |a 631.542  |b MAS  |2 21 
100 |a Mas Candela, José  |e autor  |9 401827 
700 0 |a Salmeron de Diego, José  |e author  |9 401828 
245 1 0 |a Setos y cerramientos ornamentales 
300 |a 31 p 
942 |c BK 
945 |d 19980123 00:00:00  |a jquezada 
260 |a Madrid  |b Ministerio de Agricultura Pesca y Alimentación  |c 1991 
650 0 |a Arbustos ornamentales  |9 303481 
650 0 |a Arquitectura del paisaje  |9 268210 
650 0 |a Árboles ornamentales  |9 303484 
650 7 |a SETOS  |2 CL-VaPUC  |9 401832 
650 7 |a CERCADO  |2 CL-VaPUC  |9 401833 
583 |a last modification  |c 19980123 00:00:00  |k Rodrigo Vera 
490 0 |a Hojas Divulgadoras 
999 |c 266168  |d 266166